Droit de la culture / (Record no. 64610)

MARC details
000 -LEADER
campo de control de longitud fija 00617nam a2200217 4500
001 - NÚMERO DE CONTROL
campo de control 20412
005 - FECHA Y HORA DE LA ÚLTIMA TRANSACCIÓN
campo de control 20230410123609.0
008 - DATOS DE LONGITUD FIJA--INFORMACIÓN GENERAL
campo de control de longitud fija 060907n1996 dr spa
020 ## - NÚMERO INTERNACIONAL ESTÁNDAR DEL LIBRO
Número Internacional Estándar del Libro 2247020720
035 ## - NÚMERO DE CONTROL DEL SISTEMA
-- funglode20564
041 ## - CÓDIGO DE IDIOMA
Código de lengua del texto/banda sonora o título independiente FR
050 14 - SIGNATURA TOPOGRÁFICA DE LA BIBLIOTECA DEL CONGRESO
Número de clasificación KJV 5530 P816 1996
100 ## - ENTRADA PRINCIPAL--NOMBRE DE PERSONA
Nombre de persona Pontier, Jean Marie
245 1# - MENCIÓN DEL TÍTULO
Título Droit de la culture /
Mención de responsabilidad, etc. Jean Marie Pontier, Jean Claude Ricci, Jacques Bourdon
250 ## - MENCION DE EDICION
Mención de edición 2
260 ## - PUBLICACIÓN, DISTRIBUCIÓN, ETC.
Lugar de publicación, distribución, etc. París :
Nombre del editor, distribuidor, etc. Editions Dalloz,
Fecha de publicación, distribución, etc. 1996
300 ## - DESCRIPCIÓN FÍSICA
Extensión 540 p.
440 ## - MENCIÓN DE SERIE/PUNTO DE ACCESO ADICIONAL--TÍTULO
Título Droit public science politique
700 ## - ENTRADA AGREGADA--NOMBRE PERSONAL
Nombre de persona Ricci, Jean Claude \ Bourdon, Jacques
942 ## - ELEMENTOS DE ENTRADA SECUNDARIOS (KOHA)
Fuente del sistema de clasificación o colocación Clasificación de Library of Congress
Tipo de ítem Koha
Holdings
Estatus retirado Estado de pérdida Fuente del sistema de clasificación o colocación Estado de daño No para préstamo Colección Biblioteca de origen Biblioteca actual Ubicación en estantería Fecha de adquisición Serial enumeration / chronology Signatura topográfica completa Código de barras Visto por última vez Tipo de ítem Koha
    Clasificación de Library of Congress     Ciencias Sociales Biblioteca Juan Bosch Biblioteca Juan Bosch Ciencias Sociales (3er. Piso) 24/10/2018 1 KJV 5530 P816 1996 00000019566 24/10/2018